[Event "Sherbrooke op-C"]
[Site "Sherbrooke"]
[Date "2004.05.30"]
[Round "5"]
[White "Dubois, Lise"]
[Black "Morin, Louis"]
[Result "1-0"]
[WhiteElo "1130"]
[BlackElo "1030"]
[PlyCount "35"]
[EventDate "2004.05.??"]
[EventType "swiss"]
[EventRounds "5"]
[EventCountry "CAN"]
[SourceTitle "EXT 2006"]
[Source "ChessBase"]
[SourceDate "2005.11.24"]
[SourceVersion "1"]
[SourceVersionDate "2005.11.24"]
[SourceQuality "1"]

1. e4 e5 2. Nf3 Nc6 3. Bc4 Nf6 4. d4 exd4 5. 0-0 Bc5 6. Re1 0-0 7. e5 Ng4 8. Qd3 b5 9. Ng5 g6 10. Bb3 Ncxe5 11. Qh3 h6 12. Rxe5 Nxe5 13. Qxh6 Nf3+ 14. Nxf3 d5 15. Ng5 Qxg5 16. Bxg5 Re8 17. Nd2 Re2 18. Bf6 1-0